中国古桥 Ancient Bridges (Gu Qiao)of China - Statistics

General Stats
  • This quiz has been taken 27 times
  • The average score is 6 of 13
Answer Stats
Picture Hint Answer % Correct
北京 卢沟桥
96%
河北石家庄 赵州桥
96%
北京 金水桥
88%
四川甘孜 泸定桥
71%
北京 十七孔桥
67%
福建泉州 洛阳桥
50%
广东潮州 广济桥
38%
山西太原 鱼沼飞梁
25%
江苏扬州 五亭桥
25%
福建泉州 安平桥
17%
江苏苏州 宝带桥
13%
四川成都 安澜桥
8%
福建漳州 江东桥
4%
No matching quizzes found
Score Distribution
Percent of People with Each Score
Percentile by Number Answered
Your Score History
You have not taken this quiz